The Old Man and the Sea /

Kaydedildi:
Detaylı Bibliyografya
Yazar: Hemingway, Ernest (autor)
Materyal Türü: Kitap
Dil:İngilizce
Baskı/Yayın Bilgisi: Londres, Inglaterra : Granada, 1980, c1980
Konular:
Etiketler: Etiketle
Etiket eklenmemiş, İlk siz ekleyin!

MARC

LEADER 00000nam^a2200000^a^4500
001 000314223
005 20250521000000.0
009 20260310113209.919
020 |a 0-586-04468-X 
025 |a Donación sin dato, 1 ejemplar 
037 |a Acervo ITESO - Biblioteca 
041 |a ING 
082 |a 813.  |b HEM 
100 |a Hemingway, Ernest  |e (autor) 
240 1 4 |a [El viejo y el mar] 
245 1 4 |a The Old Man and the Sea /  |c E. Hemingway. 
264 4 |a Londres, Inglaterra :  |b Granada,  |c 1980, c1980 
300 |a 109 p. 
336 |a texto  |b txt  |2 rdacontenido 
337 |a sin mediación  |b n  |2 rdamedio 
338 |a volumen  |b nc  |2 rdasoporte 
545 0 |a Ernest Hemingway (1899-1961), escritor norteamericano. Premio Nobel de Literatura en 1954. Corresponsal extranjero en el Oriente y Grecia, fue un protagonista fundamental del París de los 20, período evocado en París era una fiesta (libro póstumo de 1964). Radicó por largas temporadas en Cuba. Sus títulos incluyen: En nuestro tiempo (1925); Aguas primaverales (1926); Ahora brilla el sol (Fiesta 1926); Adiós a las armas (1929); Muerte en la tarde (1932); Las verdes colinas de Africa (1935), Por quién doblan las campanas (1940) y El viejo y el mar (1952), entre otros. 
586 |a Premio Nobel de Literatura 1954 
649 |a XX 
650 |a Pescadores en la Literatura 
650 |a Ancianos en la Literatura 
650 |a Novela Norteamericana 
650 |a Literatura Norteamericana -  |y Siglo XX 
650 |a Pesca -  |z Cuba 
650 |a Cuba en la Literatura 
910 |a Fondo General 
920 |a Impresos - Libros 
930 |a Colección General 
940 |a Literatura 
905 |a 101 
901 |a 0500200935  |b IT1  |c LIT  |i D  |u 20250521 
902 |a https://opac.biblio.iteso.mx/vufind/Record/000314223